Регионална библиотека "Любен Каравелов" - Русе

Голямата шахматна дъска (Запис номер 18361)

MARC детайли
000 -Лидер
Контролно поле с фиксирана дължина 01982nam a2200421 c 4500
003 - Код на организацията, давaща контролен номер
Контролно поле BLK
005 - Дата и час на последна редакция
Контролно поле 20250709084533.0
008 - Елементи от данни с фиксирана дължина
fixed length control field 180413b bul|||||r ||||||| ||bul||
010 ## - Наследен системен номер
LC control number KNG00020412000
020 ## - Международен стандартен номер на книга ISBN
Международен стандартен номер на книга ISBN 954-8240-50-5
-- издат.: Обсидиан
040 ## - Източник на каталожния запис
Идентификатор на билиотеката - собственик на записа BLK
041 ## - Код за език
Код за езика на текст/звукозапис или на отделно заглавие Български
Код за езика КДБФ Български
080 ## - УДК
Текстов определител УДК Международни политически отношения. Световна политика. Международна политика. Дипломация
УДК код - определител по УДК 327
УДК определител (73)
УДК - код + определител 327(73)
080 ## - УДК
Текстов определител УДК Геополитика
УДК код - определител по УДК 327:911.3
УДК определител (73)
УДК - код + определител 327:911.3(73)
080 ## - УДК
Текстов определител УДК Политическа география
УДК код - определител по УДК 911.3:32
УДК определител (73)
УДК - код + определител 911.3:32(73)
100 1# - Редна дума - Автор
Автор Бжежински, Збигнев
Авторска отговорност първи автор
R(LIN) 38914
139 ## - Редно поле
Редна дума Бжежински, Збигнев
Авторски знак Беш - Б 43
245 10 - Сведения за заглавието
Заглавие Голямата шахматна дъска
Подзаглавни данни Амер. превъзходство и неговите геостратег. императиви
Редно поле (дума) Збигнев Бжежински; прев. от англ. Кольо Коев.
257 ## - Страна на издаване
Страна на създаване/издаване Съединени американски щати
260 ## - Област на издателските данни
-- София
Име на издателя, разпространителя и проч. Обсидиан
Година на издаване 1997
Печатница В. Търново : Абагар
300 ## - Физическа характеристика
Страници 256 с.
Размери/Мащаб 20 см
380 ## - Жанр
Жанр Обществени науки
500 ## - Общи забележки
Забележка Ориг. загл. The grand chessboard / Zbigniew Brzezinski. - 5 000 тир. - Именен показалец.
650 #4 - Допълнително описание по предмет – тема
Основно описание – тема или топоним Външна политика - САЩ
9 (RLIN) 262767
650 #4 - Допълнително описание по предмет – тема
Основно описание – тема или топоним Геополитика - САЩ
9 (RLIN) 262768
650 #4 - Допълнително описание по предмет – тема
Основно описание – тема или топоним Международни политически отношения
9 (RLIN) 242023
651 #4 - Допълнително описание по предмет - топоним
Географско понятие САЩ
9 (RLIN) 179493
653 ## - Ключова дума – ненормативна
Ключова дума политика
653 ## - Ключова дума – ненормативна
Ключова дума геополитика
653 ## - Ключова дума – ненормативна
Ключова дума международни отношения
700 1# - Други автори (авторска отговорност)
Лично име Коев, Кольо
Автороска отговорност (Описва отношението между автора и произведението) прев. от англ.
9 (RLIN) 242684
852 ## - Местоположение
Форматна сигнатура Цб 195392
856 4# - Електронен адрес и достъп
Електронен формат pdf - файл
Път до файла /url/
856 4# - Електронен адрес и достъп
Електронен формат pdf - файл
Път до файла /url/
942 ## - АРТИКУЛИ
Вид на библиотечния материал Книги
Скрит в OPAC Не
Koha issues (borrowed), all copies 4
944 ## - СЪЗДАВАНЕ И РЕДАКЦИЯ на ЗАПИСА
Създаване/Редакция Създаване
Дата на регистрацията/редакция 15.01.2003
Служител, извършил регистрацията/редакцията 30560
Статус, дата на статуса Геновева Генчева
944 ## - СЪЗДАВАНЕ И РЕДАКЦИЯ на ЗАПИСА
Създаване/Редакция Редакция
Дата на регистрацията/редакция 13.08.2012
Служител, извършил регистрацията/редакцията
999 ## - СИСТЕМНИ КОНТРОЛНИ НОМЕРА
Koha biblionumber 18361
Koha biblioitemnumber 18361
Наличности
Код за отписване Код за изгубен артикул Източник на класификационната схема Код за повреда Коз за рестрикции Код за отдаване Артикулен № Име на библиотеката - собственик Име на библиотеката, в която се намира в момента Статус (Текущо местоположение) Дата на вписване в системата Местоположение - отдел Цена в лева Инвентарен номер Систематично азбучна сигнатура Баркод Номер на екземпляра Цена в евро Служебна бележка Служебен тип на артикула
Изтеглен Не е изгубен Universal Decimal Classification Не е повреден без рестрикции заемане за дома 30808 Регионална библиотека "Любен Каравелов" Русе Регионална библиотека "Любен Каравелов" Русе Заемна - подръчен фонд 1997-01-01 Заемна - подръчен фонд 4.90 636236 П 327(7)/Б 43 636236 1 2.51 N: стар фонд Дата: 01.01.1997 Книги
Изтеглен Не е изгубен Universal Decimal Classification Не е повреден без рестрикции заемане за дома 30809 Регионална библиотека "Любен Каравелов" Русе Регионална библиотека "Любен Каравелов" Русе Заемна - подръчен фонд 1997-01-01 Заемна - подръчен фонд 4.90 636237 П 327(7)/Б 43 636237 2 2.51 N: стар фонд Дата: 01.01.1997 Книги
  Не е изгубен Universal Decimal Classification Не е повреден без рестрикции ползва се в читалня 30810 Регионална библиотека "Любен Каравелов" Русе Регионална библиотека "Любен Каравелов" Русе Хранилище 2001-01-01 Хранилище 0.00 638345 Цб 195392 120000638345 3 0.00 N: стар фонд Дата: 01.01.1997 Книги
Vip Innovations Ltd, Rousse, Bulgaria 2025